[Event "Titled Tuesday intern op 25th Feb Early"]
[Site "Chess.com INT"]
[Date "2025.02.25"]
[Round "5"]
[White "Aslanov, Umid Fuad"]
[Black "Bodnar, Nikolay"]
[Result "1/2-1/2"]
[WhiteElo "2280"]
[BlackElo "2429"]
[PlyCount "149"]
[EventDate "2025.02.25"]
[EventType "swiss (blitz)"]
[EventRounds "11"]
[EventCountry "USA"]
[SourceTitle "CB10_2025"]
[SourceDate "2025.03.05"]
[SourceVersion "1"]
[SourceVersionDate "2025.03.05"]
[SourceQuality "1"]

1. e4 c5 2. Nf3 Nc6 3. d4 cxd4 4. Nxd4 Qc7 5. Nc3 e6 6. g3 a6 7. Bg2 Nf6 8. 0-0 d6 9. Nxc6 bxc6 10. Na4 d5 11. exd5 cxd5 12. c4 Bb7 13. Bf4 Bd6 14. Bxd6 Qxd6 15. cxd5 Bxd5 16. Nc3 0-0 17. Nxd5 Nxd5 18. Bxd5 Qxd5 19. Qxd5 exd5 20. Rfd1 Rfd8 21. Rd2 Rab8 22. Rad1 Kf8 23. b3 Rb5 24. Rd4 Ke7 25. f4 Ke6 26. Re1+ Kd6 27. Ra4 a5 28. Rd4 Rc8 29. Re2 Rbc5 30. Red2 Re8 31. Kf2 h5 32. h3 g6 33. g4 hxg4 34. hxg4 Re7 35. a3 Re8 36. R2d3 Rh8 37. Kg3 Rh1 38. a4 Rh8 39. g5 Rh1 40. Re3 Rhc1 41. Rdd3 Rg1+ 42. Kf3 Rf1+ 43. Kg3 Rg1+ 44. Kf3 Rgc1 45. Re8 R1c3 46. Ke3 Rxd3+ 47. Kxd3 Rc1 48. Ra8 Rf1 49. Ra6+ Kd7 50. Ke3 Rb1 51. Rxa5 Rxb3+ 52. Kd4 Rb4+ 53. Kxd5 Rxf4 54. Ra7+ Kc8 55. a5 Rf5+ 56. Kc6 Kb8 57. Rb7+ Ka8 58. Rb5 Rf1 59. Kb6 Re1 60. Rd5 Re6+ 61. Kc7 Ka7 62. Kd7 Re4 63. Kd8 Ka6 64. Rd7 Rf4 65. Rd5 Rf5 66. Rd6+ Kxa5 67. Rf6 Rxf6 68. gxf6 g5 69. Ke7 g4 70. Kxf7 g3 71. Ke8 g2 72. f7 g1Q 73. f8Q Qe3+ 74. Qe7 Qxe7+ 75. Kxe7 1/2-1/2

[Event "Titled Tuesday intern op 25th Feb Early"]
[Site "Chess.com INT"]
[Date "2025.02.25"]
[Round "6"]
[White "Bodnar, Nikolay"]
[Black "Rosh, Jain"]
[Result "1-0"]
[WhiteElo "2429"]
[BlackElo "2150"]
[PlyCount "105"]
[EventDate "2025.02.25"]
[EventType "swiss (blitz)"]
[EventRounds "11"]
[EventCountry "USA"]
[SourceTitle "CB10_2025"]
[SourceDate "2025.03.05"]
[SourceVersion "1"]
[SourceVersionDate "2025.03.05"]
[SourceQuality "1"]

1. c4 Nf6 2. Nc3 e5 3. Nf3 Nc6 4. e4 Bc5 5. Nxe5 Nxe5 6. d4 Bxd4 7. Qxd4 Nc6 8. Qd3 0-0 9. Be2 d6 10. 0-0 Be6 11. b3 Nd7 12. Bb2 Nc5 13. Qg3 f5 14. Nd5 Qd7 15. exf5 Bxf5 16. Bf3 Bg6 17. Bc3 Rae8 18. Rfe1 a5 19. h4 Kh8 20. h5 Be4 21. h6 Ne5 22. Bxe4 Nxe4 23. Rxe4 gxh6 24. Bxe5+ dxe5 25. Rxe5 Rg8 26. Qc3 Qg7 27. g3 Qxe5 28. Qxe5+ Rxe5 29. Nxc7 Rc8 30. Nd5 Rce8 31. Ne3 Re4 32. Rd1 R8e7 33. Rd5 Re8 34. Rxa5 R4e6 35. Rd5 Rf6 36. Kg2 Rff8 37. Rd7 Rd8 38. Rxd8 Rxd8 39. Nd5 Re8 40. a4 Kg7 41. Kf3 Kf7 42. a5 Re6 43. b4 Rc6 44. Nb6 Ke6 45. Ke4 Kd6 46. f4 Rc7 47. f5 Kc6 48. f6 Rf7 49. Kf5 Rf8 50. b5+ Kc7 51. c5 Re8 52. f7 Re1 53. Kf6 1-0

[Event "Titled Tuesday intern op 25th Feb Early"]
[Site "Chess.com INT"]
[Date "2025.02.25"]
[Round "7"]
[White "Hayrapetyan, Edgar"]
[Black "Bodnar, Nikolay"]
[Result "1-0"]
[WhiteElo "2137"]
[BlackElo "2429"]
[PlyCount "119"]
[EventDate "2025.02.25"]
[EventType "swiss (blitz)"]
[EventRounds "11"]
[EventCountry "USA"]
[SourceTitle "CB10_2025"]
[SourceDate "2025.03.05"]
[SourceVersion "1"]
[SourceVersionDate "2025.03.05"]
[SourceQuality "1"]

1. e4 c5 2. Nc3 Nc6 3. Bb5 d6 4. Bxc6+ bxc6 5. d3 g6 6. Nge2 Bg7 7. 0-0 Nf6 8. Bd2 0-0 9. Qc1 Re8 10. Bh6 Bh8 11. h3 Qc7 12. b3 d5 13. Qd2 c4 14. dxc4 dxc4 15. Rfd1 cxb3 16. axb3 Nd7 17. Qe3 a5 18. Bf4 Qb6 19. Ra4 Qxe3 20. Bxe3 f5 21. f3 fxe4 22. Nxe4 Nf6 23. N2c3 Nxe4 24. Nxe4 Bf5 25. Kf2 Bxe4 26. Rxe4 Kf7 27. Rd7 Bf6 28. g4 g5 29. h4 h6 30. Rc7 Rec8 31. Rxc8 Rxc8 32. h5 Rd8 33. Ke2 Rd5 34. Rc4 Bb2 35. Rxc6 Re5 36. Kf2 e6 37. Rc7+ Kg8 38. Rc8+ Kf7 39. c3 Rd5 40. Bd4 e5 41. Be3 Rd3 42. Rc7+ Kg8 43. c4 Rxb3 44. c5 Bd4 45. Bxd4 exd4 46. Rd7 Rc3 47. Rd5 a4 48. Rxd4 a3 49. Ra4 Rc2+ 50. Ke3 Rxc5 51. Rxa3 Kg7 52. Ke4 Rb5 53. Rd3 Ra5 54. Rd5 Ra3 55. Rd7+ Kg8 56. Kf5 Ra5+ 57. Ke6 Ra6+ 58. Rd6 Ra3 59. Kf6 Rxf3+ 60. Kg6 1-0

[Event "Titled Tuesday intern op 17th Sep Early"]
[Site "Chess,com INT"]
[Date "2024.09.17"]
[Round "4"]
[White "Bodnar, Nikolay"]
[Black "Shapiro, Daniel E"]
[Result "1-0"]
[WhiteElo "2429"]
[BlackElo "2284"]
[PlyCount "75"]
[EventDate "2024.09.17"]
[EventType "swiss (blitz)"]
[EventRounds "11"]
[EventCountry "USA"]
[SourceTitle "EXT 2025"]
[Source "ChessBase"]
[SourceDate "2024.10.14"]
[SourceVersion "1"]
[SourceVersionDate "2024.10.14"]
[SourceQuality "1"]

1. c4 e5 2. Nc3 Nf6 3. Nf3 Nc6 4. e4 h6 5. a3 a5 6. d4 exd4 7. Nxd4 Bc5 8. Nf5 0-0 9. Be3 b6 10. Qd2 Re8 11. Bxc5 bxc5 12. f3 d6 13. Ne3 Nd4 14. Rd1 Rb8 15. Bd3 c6 16. 0-0 Be6 17. Ne2 Nb3 18. Qc3 a4 19. Bc2 Qa5 20. Qxa5 Nxa5 21. Bxa4 Rxb2 22. Rf2 Nxc4 23. Nxc4 Bxc4 24. Nc3 Rxf2 25. Kxf2 Ra8 26. Rxd6 Bb5 27. Bxb5 cxb5 28. Nxb5 Ra5 29. Rb6 Nd7 30. Rb7 c4 31. Nd6 Nc5 32. Rc7 c3 33. Ke3 c2 34. Kd2 Nb3+ 35. Kxc2 Nd4+ 36. Kb2 Nb5 37. Rc5 Ra6 38. Nxb5 1-0

[Event "Titled Tuesday intern op 17th Sep Early"]
[Site "Chess,com INT"]
[Date "2024.09.17"]
[Round "8"]
[White "Odegov, Artem"]
[Black "Bodnar, Nikolay"]
[Result "1-0"]
[WhiteElo "2261"]
[BlackElo "2429"]
[PlyCount "77"]
[EventDate "2024.09.17"]
[EventType "swiss (blitz)"]
[EventRounds "11"]
[EventCountry "USA"]
[SourceTitle "EXT 2025"]
[Source "ChessBase"]
[SourceDate "2024.10.14"]
[SourceVersion "1"]
[SourceVersionDate "2024.10.14"]
[SourceQuality "1"]

1. d4 Nf6 2. Nf3 d5 3. c3 Bf5 4. Qb3 Qc8 5. c4 e6 6. Nc3 c6 7. g3 Nbd7 8. Bg2 Be7 9. 0-0 0-0 10. Bf4 h6 11. Rfc1 dxc4 12. Qxc4 Ne4 13. Nd2 Nxd2 14. Bxd2 Nb6 15. Qb3 Qd7 16. e4 Bg6 17. Be3 Bd6 18. Rd1 Qe7 19. Rac1 Rfd8 20. a4 Nc8 21. e5 Bb4 22. Ne4 Bxe4 23. Bxe4 a5 24. Bb1 Qd7 25. Qc2 Ne7 26. Qh7+ Kf8 27. Qh8+ Ng8 28. Bh7 Ke7 29. Qxg7 Qd5 30. Qg4 Kd7 31. Be4 Qb3 32. d5 cxd5 33. Bxd5 Qxb2 34. Bxb7+ Ke7 35. Qh4+ f6 36. exf6+ Nxf6 37. Rc7+ Ke8 38. Bc6+ Kf8 39. Qxh6+ 1-0

[Event "Titled Tuesday intern op 17th Sep Early"]
[Site "Chess,com INT"]
[Date "2024.09.17"]
[Round "5"]
[White "Rosenberg, Evan"]
[Black "Bodnar, Nikolay"]
[Result "0-1"]
[WhiteElo "1987"]
[BlackElo "2429"]
[PlyCount "84"]
[EventDate "2024.09.17"]
[EventType "swiss (blitz)"]
[EventRounds "11"]
[EventCountry "USA"]
[SourceTitle "EXT 2025"]
[Source "ChessBase"]
[SourceDate "2024.10.14"]
[SourceVersion "1"]
[SourceVersionDate "2024.10.14"]
[SourceQuality "1"]

1. d4 Nf6 2. c4 e6 3. g3 Bb4+ 4. Nd2 0-0 5. Bg2 d5 6. Ngf3 dxc4 7. Qc2 b5 8. Ne5 Qxd4 9. Bxa8 Qxe5 10. Bf3 Nd5 11. 0-0 Bb7 12. Ne4 Nd7 13. Rd1 h6 14. Bd2 N7b6 15. a3 Bxd2 16. Rxd2 a5 17. Rad1 Bc6 18. h4 b4 19. axb4 axb4 20. Ra1 b3 21. Qb1 Nb4 22. Ra7 Kh8 23. Nc3 Bxf3 24. exf3 N6d5 25. Nxd5 exd5 26. Kg2 c5 27. f4 Qe6 28. f5 Qe5 29. g4 d4 30. g5 c3 31. bxc3 dxc3 32. Rdd7 c2 33. Qc1 Qe4+ 34. f3 Qe2+ 35. Kg3 Nd3 36. Rxd3 Qxd3 37. gxh6 Qxf5 38. hxg7+ Kxg7 39. Qb2+ Kh7 40. Qc3 Rg8+ 41. Kf2 Qf4 42. Qd3+ Rg6 0-1

[Event "Titled Tuesday intern op 17th Sep Early"]
[Site "Chess,com INT"]
[Date "2024.09.17"]
[Round "7"]
[White "Sahib, Singh"]
[Black "Bodnar, Nikolay"]
[Result "0-1"]
[WhiteElo "2438"]
[BlackElo "2429"]
[PlyCount "74"]
[EventDate "2024.09.17"]
[EventType "swiss (blitz)"]
[EventRounds "11"]
[EventCountry "USA"]
[SourceTitle "EXT 2025"]
[Source "ChessBase"]
[SourceDate "2024.10.14"]
[SourceVersion "1"]
[SourceVersionDate "2024.10.14"]
[SourceQuality "1"]

1. e4 c5 2. Nf3 Nc6 3. d4 cxd4 4. Nxd4 Qb6 5. Nb3 Nf6 6. Nc3 e6 7. Qe2 d6 8. Be3 Qc7 9. 0-0-0 a6 10. g4 h6 11. f4 b5 12. g5 hxg5 13. fxg5 Nd7 14. h4 Nde5 15. h5 Bb7 16. Bh3 g6 17. hxg6 Nxg6 18. Qf2 Nce5 19. Nd4 b4 20. Nce2 Bxe4 21. Bg2 Rxh1 22. Rxh1 Bxg2 23. Qxg2 d5 24. Rh7 Qd6 25. Kb1 Nc4 26. Bg1 Nd2+ 27. Ka1 Ne4 28. Qg4 Ne5 29. Qh5 Ng6 30. Bh2 Qc5 31. Kb1 Rc8 32. Qg4 Bd6 33. Bg1 Qc4 34. b3 Qc7 35. c4 bxc3 36. Nxe6 c2+ 37. Kc1 Ba3# 0-1

[Event "Titled Tuesday intern op 10th Sep Early"]
[Site "Chess,com INT"]
[Date "2024.09.10"]
[Round "11"]
[White "Bodnar, Nikolay"]
[Black "Starozhilov, Leonid"]
[Result "1/2-1/2"]
[WhiteElo "2429"]
[BlackElo "2283"]
[PlyCount "87"]
[EventDate "2024.09.10"]
[EventType "swiss (blitz)"]
[EventRounds "11"]
[EventCountry "USA"]
[SourceTitle "EXT 2025"]
[Source "ChessBase"]
[SourceDate "2024.10.14"]
[SourceVersion "1"]
[SourceVersionDate "2024.10.14"]
[SourceQuality "1"]

1. e4 c5 2. Nf3 e6 3. d4 cxd4 4. Nxd4 a6 5. Bd3 Qc7 6. Qe2 d6 7. c4 Nf6 8. Nc3 Nc6 9. Nxc6 bxc6 10. 0-0 Be7 11. f4 Nd7 12. Kh1 a5 13. Bd2 h5 14. Rae1 h4 15. h3 Nf6 16. Qf3 e5 17. c5 Be6 18. f5 Bc8 19. cxd6 Bxd6 20. Bc4 Bb4 21. Bg5 Be7 22. Qe3 Nh5 23. Rf2 Bxg5 24. Qxg5 Qe7 25. Qe3 Ba6 26. Bxa6 Rxa6 27. Rd2 Ng3+ 28. Kh2 0-0 29. Red1 Qb4 30. a3 Qc4 31. Qd3 Qxd3 32. Rxd3 Rb6 33. Na4 Rb5 34. Re1 Rfb8 35. Kg1 Rb3 36. Rxb3 Rxb3 37. Kf2 Rd3 38. Re3 Rd2+ 39. Kf3 Nf1 40. Rc3 Nh2+ 41. Ke3 Nf1+ 42. Kf3 Nh2+ 43. Ke3 Nf1+ 44. Kf3 1/2-1/2

[Event "Titled Tuesday intern op 06th Feb Early"]
[Site "Chess.com INT"]
[Date "2024.02.06"]
[Round "4"]
[White "Joel Paul, Ganta"]
[Black "Bodnar, Nikolay"]
[Result "0-1"]
[WhiteElo "1989"]
[BlackElo "2440"]
[PlyCount "98"]
[EventDate "2024.02.06"]
[EventType "swiss (blitz)"]
[EventRounds "11"]
[EventCountry "USA"]
[SourceTitle "CBM 218 Extra"]
[Source "ChessBase"]
[SourceDate "2024.03.31"]
[SourceVersion "1"]
[SourceVersionDate "2024.03.31"]
[SourceQuality "1"]

1. e4 c5 2. Nf3 Nc6 3. Bc4 e6 4. 0-0 a6 5. Re1 b5 6. Bf1 Bb7 7. c3 d5 8. exd5 Qxd5 9. a4 c4 10. d4 Nf6 11. Nbd2 Be7 12. Ne5 0-0 13. Qf3 Nxe5 14. Qxd5 Bxd5 15. Rxe5 Nd7 16. Re1 Nb6 17. axb5 axb5 18. Rxa8 Rxa8 19. Ne4 Ra1 20. f3 Na4 21. Kf2 b4 22. Nd2 Bg5 23. Nb3 cxb3 24. Bxg5 Rxe1 25. Kxe1 bxc3 26. bxc3 b2 27. Bd3 Nxc3 28. Kd2 b1Q 29. Bxb1 Nxb1+ 30. Kc2 Na3+ 31. Kd3 Nc4 32. Be7 f6 33. Bc5 Kf7 34. Bb4 g5 35. Be1 Kg6 36. h3 h5 37. Bf2 Nd6 38. Ke2 g4 39. hxg4 hxg4 40. Bg3 Nf7 41. fxg4 Bxg2 42. Ke3 Bd5 43. Kf4 Nh6 44. Be1 Bb3 45. Bb4 Bd1 46. g5 fxg5+ 47. Ke5 Bb3 48. Bd2 Bd5 49. Be3 Nf7# 0-1

[Event "Titled Tuesday intern op 06th Feb Early"]
[Site "Chess.com INT"]
[Date "2024.02.06"]
[Round "7"]
[White "Samant, Aditya S"]
[Black "Bodnar, Nikolay"]
[Result "1-0"]
[WhiteElo "2512"]
[BlackElo "2440"]
[PlyCount "49"]
[EventDate "2024.02.06"]
[EventType "swiss (blitz)"]
[EventRounds "11"]
[EventCountry "USA"]
[SourceTitle "CBM 218 Extra"]
[Source "ChessBase"]
[SourceDate "2024.03.31"]
[SourceVersion "1"]
[SourceVersionDate "2024.03.31"]
[SourceQuality "1"]

1. b3 d5 2. Bb2 Bg4 3. h3 Bh5 4. Nf3 Bxf3 5. exf3 Nf6 6. g3 e6 7. Bg2 c5 8. 0-0 Nc6 9. f4 Be7 10. Re1 0-0 11. c4 dxc4 12. bxc4 Nd4 13. Nc3 Qc7 14. a4 Rfd8 15. Nb5 Nxb5 16. axb5 a5 17. bxa6 Rxa6 18. Be5 Qd7 19. Rxa6 bxa6 20. Bc3 h6 21. Qa1 Qd6 22. Rd1 Nd7 23. Rb1 Bf6 24. Qa5 Bxc3 25. Qxd8+ 1-0

[Event "Titled Tuesday intern op 05th Dec Early"]
[Site "Chess.com INT"]
[Date "2023.12.05"]
[Round "6"]
[White "Bodnar, Nikolay"]
[Black "Kiremitciyan, Ari"]
[Result "1-0"]
[WhiteElo "2440"]
[BlackElo "2281"]
[PlyCount "63"]
[EventDate "2023.12.05"]
[EventType "swiss (blitz)"]
[EventRounds "11"]
[EventCountry "USA"]
[SourceTitle "EXT 2025"]
[Source "ChessBase"]
[SourceDate "2024.10.14"]
[SourceVersion "1"]
[SourceVersionDate "2024.10.14"]
[SourceQuality "1"]

1. Nf3 d5 2. c4 c6 3. b3 d4 4. Bb2 c5 5. b4 cxb4 6. Nxd4 Nc6 7. Nxc6 bxc6 8. g3 Nf6 9. Bg2 Bd7 10. 0-0 g6 11. a3 bxa3 12. Nxa3 Bg7 13. c5 0-0 14. Nc4 Qc8 15. Qa4 Be8 16. Na5 Nd7 17. Bxg7 Kxg7 18. Bxc6 Rb8 19. d4 e5 20. Bxd7 Bxd7 21. c6 Bh3 22. Rfd1 exd4 23. Qxd4+ Kg8 24. Rac1 Qa6 25. Nb7 Qxe2 26. Rd2 Qb5 27. Nd6 Qa6 28. c7 Ra8 29. g4 Rac8 30. Nxc8 Rxc8 31. Rd3 Bxg4 32. Qxg4 1-0

[Event "Titled Tuesday intern op 05th Dec Early"]
[Site "Chess.com INT"]
[Date "2023.12.05"]
[Round "3"]
[White "Bodnar, Nikolay"]
[Black "Rakhmanov, Alexander"]
[Result "1-0"]
[WhiteElo "2440"]
[BlackElo "2614"]
[PlyCount "49"]
[EventDate "2023.12.05"]
[EventType "swiss (blitz)"]
[EventRounds "11"]
[EventCountry "USA"]
[SourceTitle "EXT 2025"]
[Source "ChessBase"]
[SourceDate "2024.10.14"]
[SourceVersion "1"]
[SourceVersionDate "2024.10.14"]
[SourceQuality "1"]

1. e4 c5 2. Nf3 Nf6 3. e5 Nd5 4. Nc3 Nxc3 5. dxc3 Nc6 6. Bf4 Qc7 7. Qd2 e6 8. h4 h6 9. h5 b6 10. Bd3 Bb7 11. 0-0-0 Rb8 12. Qe3 Bc8 13. Rd2 b5 14. Rhd1 Qa5 15. Kb1 Rb6 16. Be4 c4 17. Nd4 Ra6 18. a3 Nd8 19. Nf5 exf5 20. Bxf5 Ne6 21. Bxe6 fxe6 22. Qe4 Bxa3 23. Qg6+ Kd8 24. Qxg7 Bf8 25. Rxd7+ 1-0

[Event "Titled Tuesday intern op 05th Dec Early"]
[Site "Chess.com INT"]
[Date "2023.12.05"]
[Round "7"]
[White "Gharibyan, Mamikon"]
[Black "Bodnar, Nikolay"]
[Result "1/2-1/2"]
[WhiteElo "2504"]
[BlackElo "2440"]
[PlyCount "94"]
[EventDate "2023.12.05"]
[EventType "swiss (blitz)"]
[EventRounds "11"]
[EventCountry "USA"]
[SourceTitle "EXT 2025"]
[Source "ChessBase"]
[SourceDate "2024.10.14"]
[SourceVersion "1"]
[SourceVersionDate "2024.10.14"]
[SourceQuality "1"]

1. e4 c5 2. Nf3 Nc6 3. Bb5 d6 4. c3 Nf6 5. Qe2 Bd7 6. 0-0 a6 7. Ba4 b5 8. Bc2 Bg4 9. h3 Bxf3 10. Qxf3 g6 11. a4 Rb8 12. axb5 axb5 13. Qe2 Bg7 14. Na3 b4 15. Nc4 0-0 16. Re1 Nd7 17. Ne3 Ra8 18. Rxa8 Qxa8 19. f4 Qa7 20. Qb5 Qb6 21. Ba4 Qxb5 22. Bxb5 Rc8 23. Nd5 Kf8 24. Bxc6 Rxc6 25. cxb4 e6 26. b5 Rc8 27. Nc3 Rb8 28. d3 Ke7 29. Bd2 Bxc3 30. bxc3 Rxb5 31. Kf2 c4 32. dxc4 Rc5 33. Ke3 Rxc4 34. Kd3 Ra4 35. Be3 Ra5 36. Rb1 Nc5+ 37. Bxc5 Rxc5 38. Rb7+ Ke8 39. g4 h5 40. Kd4 hxg4 41. hxg4 g5 42. f5 e5+ 43. Kd3 f6 44. Rb6 Ke7 45. Rb7+ Ke8 46. Rb6 Ke7 47. Rb7+ Ke8 1/2-1/2

[Event "Titled Tuesday intern op 05th Dec Early"]
[Site "Chess.com INT"]
[Date "2023.12.05"]
[Round "8"]
[White "Nguyen, Quoc Hy"]
[Black "Bodnar, Nikolay"]
[Result "1-0"]
[WhiteElo "2387"]
[BlackElo "2440"]
[PlyCount "86"]
[EventDate "2023.12.05"]
[EventType "swiss (blitz)"]
[EventRounds "11"]
[EventCountry "USA"]
[SourceTitle "EXT 2025"]
[Source "ChessBase"]
[SourceDate "2024.10.14"]
[SourceVersion "1"]
[SourceVersionDate "2024.10.14"]
[SourceQuality "1"]

1. d4 Nf6 2. c4 e6 3. Nc3 Bb4 4. e3 0-0 5. Bd3 d5 6. Nf3 c5 7. 0-0 cxd4 8. exd4 dxc4 9. Bxc4 Qc7 10. Qe2 Bxc3 11. bxc3 Nbd7 12. Bb2 b6 13. Bd3 Bb7 14. c4 Rac8 15. Rfe1 Qf4 16. Qe3 Qxe3 17. fxe3 Be4 18. Bf1 h6 19. Nd2 Bb7 20. e4 e5 21. d5 Rfe8 22. Re3 Nc5 23. Rae1 Nfd7 24. g3 f6 25. Ba3 g6 26. Bh3 Rcd8 27. Nb3 Na4 28. Rf1 Kg7 29. Ref3 Bc8 30. Kg2 Ba6 31. Nd2 Nac5 32. Bxc5 Nxc5 33. Rxf6 Rf8 34. Rc6 Rxf1 35. Kxf1 Rf8+ 36. Ke2 Rf7 37. Ke3 h5 38. Nb3 Bxc4 39. Nxc5 bxc5 40. Rxc5 Bxa2 41. d6 Kf6 42. d7 Ke7 43. Rxe5+ Kd6 1-0

[Event "Titled Tuesday intern op 05th Dec Early"]
[Site "Chess.com INT"]
[Date "2023.12.05"]
[Round "5"]
[White "Zhigalko, Sergei"]
[Black "Bodnar, Nikolay"]
[Result "1-0"]
[WhiteElo "2572"]
[BlackElo "2440"]
[PlyCount "179"]
[EventDate "2023.12.05"]
[EventType "swiss (blitz)"]
[EventRounds "11"]
[EventCountry "USA"]
[SourceTitle "EXT 2025"]
[Source "ChessBase"]
[SourceDate "2024.10.14"]
[SourceVersion "1"]
[SourceVersionDate "2024.10.14"]
[SourceQuality "1"]

1. e4 c5 2. Nf3 d6 3. d4 cxd4 4. Qxd4 Nf6 5. Nc3 Nc6 6. Bb5 Bd7 7. Bxc6 Bxc6 8. Bg5 e6 9. 0-0-0 Be7 10. Rhe1 Qc7 11. Kb1 Rb8 12. Qxa7 0-0 13. a3 Ra8 14. Qd4 b5 15. Na2 Ra4 16. Nb4 d5 17. Bxf6 Bxf6 18. Qc5 Rxb4 19. Qxb4 dxe4 20. Rxe4 Bxe4 21. Qxe4 Rc8 22. Qd3 Qc5 23. Qd2 h6 24. Rc1 Rd8 25. Qe1 g5 26. h3 Kg7 27. c3 Qc4 28. Qf1 Qb3 29. Qe2 b4 30. cxb4 Ra8 31. Qc2 Rxa3 32. Qxb3 Rxb3 33. Rc2 Rxb4 34. Kc1 e5 35. Nd2 Kg6 36. g4 Rb6 37. Ne4 Be7 38. f3 Bb4 39. Rc4 f5 40. Ng3 fxg4 41. hxg4 Bf8 42. Ne4 Be7 43. Rc7 Bd6 44. Rd7 Bb4 45. Rd5 Rc6+ 46. Kd1 Rb6 47. Rxe5 Bf8 48. Kc2 Bg7 49. Re7 Rxb2+ 50. Kd3 Rb3+ 51. Ke2 Rb2+ 52. Kf1 Bd4 53. Re6+ Kh7 54. Rd6 Be3 55. Ke1 Bf4 56. Rd7+ Kg6 57. Ra7 Rb1+ 58. Ke2 Rb2+ 59. Kf1 Rb1+ 60. Ke2 Rb2+ 61. Kd1 Rb1+ 62. Kc2 Rf1 63. Ra6+ Kg7 64. Ra7+ Kg6 65. Ra6+ Kg7 66. Ra3 Rg1 67. Rd3 Rg2+ 68. Kb3 Rg1 69. Kc4 Ra1 70. Rb3 Ra4+ 71. Kd5 Ra5+ 72. Ke6 Ra6+ 73. Kd7 Ra7+ 74. Kc6 Ra6+ 75. Kb5 Ra8 76. Rc3 Rb8+ 77. Ka6 Ra8+ 78. Kb7 Ra5 79. Rd3 Rb5+ 80. Kc6 Ra5 81. Nc5 Ra2 82. Rb3 Rc2 83. Kd5 Rd2+ 84. Ke6 Re2+ 85. Ne4 Re1 86. Kf5 Ra1 87. Rb7+ Kg8 88. Kg6 Ra6+ 89. Nf6+ Kf8 90. Rf7# 1-0

[Event "Titled Tuesday intern op 27th Sep Late"]
[Site "Chess.com INT"]
[Date "2022.09.27"]
[Round "1"]
[White "Bodnar, Nikolay"]
[Black "Brizzi, Milagros Tatiana"]
[Result "1-0"]
[WhiteElo "2441"]
[BlackElo "2053"]
[PlyCount "113"]
[EventDate "2022.09.27"]
[EventType "swiss (blitz)"]
[EventRounds "11"]
[EventCountry "USA"]
[SourceTitle "CBM 210 Extra"]
[Source "ChessBase"]
[SourceDate "2022.11.30"]
[SourceVersion "1"]
[SourceVersionDate "2022.11.30"]
[SourceQuality "1"]

1. c4 c6 2. g3 Nf6 3. Bg2 d5 4. Nf3 Bf5 5. 0-0 e6 6. b3 h6 7. Bb2 Nbd7 8. d3 Be7 9. Nbd2 0-0 10. Re1 Bh7 11. Qc2 a5 12. a3 Qb6 13. Rad1 Nc5 14. Bd4 Qa6 15. cxd5 cxd5 16. Bxc5 Rfc8 17. b4 b6 18. Nb3 a4 19. Nbd4 bxc5 20. bxc5 Rxc5 21. Qb2 Rac8 22. Rc1 Nd7 23. Rxc5 Rxc5 24. Rc1 Rxc1+ 25. Qxc1 Bc5 26. Qb2 Qb6 27. Qc3 e5 28. Nc2 Bxf2+ 29. Kf1 Bc5 30. Nxe5 Nxe5 31. Qxe5 Qb1+ 32. Ne1 Bxa3 33. Bxd5 Bg6 34. Qe8+ Kh7 35. Kf2 Bb4 36. Nf3 Bc5+ 37. d4 Bb4 38. Qxa4 Bc3 39. Qc4 Qc1 40. Bxf7 Bxf7 41. Qxf7 Qd2 42. Qf5+ Kg8 43. Qd5+ Kh7 44. Qe4+ Kg8 45. Qd3 Qc1 46. d5 Bb4 47. d6 Qc5+ 48. Kg2 Qxd6 49. Qc4+ Kh7 50. h4 h5 51. Qe4+ Kg8 52. Qe8+ Kh7 53. Qxh5+ Kg8 54. Qe8+ Kh7 55. Ng5+ Kh6 56. Nf7+ Kh7 57. Nxd6 1-0

[Event "Titled Tuesday intern op 27th Sep Late"]
[Site "Chess.com INT"]
[Date "2022.09.27"]
[Round "3"]
[White "Bodnar, Nikolay"]
[Black "Zanette, Edgard Vinicius"]
[Result "0-1"]
[WhiteElo "2441"]
[BlackElo "2115"]
[PlyCount "134"]
[EventDate "2022.09.27"]
[EventType "swiss (blitz)"]
[EventRounds "11"]
[EventCountry "USA"]
[SourceTitle "CBM 210 Extra"]
[Source "ChessBase"]
[SourceDate "2022.11.30"]
[SourceVersion "1"]
[SourceVersionDate "2022.11.30"]
[SourceQuality "1"]

1. c4 Nf6 2. g3 e6 3. Bg2 d5 4. Nf3 Be7 5. 0-0 0-0 6. b3 a5 7. a3 c6 8. Bb2 b6 9. d3 Bb7 10. Nbd2 Nbd7 11. Qc2 Rc8 12. e4 dxe4 13. dxe4 Nc5 14. Rad1 Qd3 15. Qxd3 Nxd3 16. Bd4 c5 17. Bc3 Nxe4 18. Nxe4 Bxe4 19. Rd2 Bf6 20. Bxf6 gxf6 21. Rfd1 Bxf3 22. Bxf3 Ne5 23. Bg2 Rb8 24. f4 Ng4 25. Rd3 f5 26. h3 Nf6 27. Bc6 Rfc8 28. Bb5 Ne4 29. Kg2 Kg7 30. g4 fxg4 31. hxg4 Nf6 32. Kf3 h6 33. g5 hxg5 34. fxg5 Nh7 35. Kg4 Rc7 36. Rd8 Rxd8 37. Rxd8 Re7 38. Rb8 e5 39. Rxb6 e4 40. Rd6 e3 41. Rd1 e2 42. Re1 Re3 43. Ba4 Kg6 44. Kf4 Re7 45. Bc6 Nxg5 46. Bd5 f6 47. Kg3 Kf5 48. Kf2 Nh3+ 49. Kf3 Ng5+ 50. Kg2 Kf4 51. b4 cxb4 52. axb4 axb4 53. c5 Ke3 54. Ra1 Kd4 55. c6 Kxd5 56. c7 Rxc7 57. Kf2 Re7 58. Ke1 Ne4 59. Kxe2 Nc3+ 60. Kd3 Kc5 61. Ra5+ Nb5 62. Ra8 Rf7 63. Rc8+ Nc7 64. Rb8 f5 65. Rh8 f4 66. Kc2 f3 67. Rh7 Rxh7 0-1

[Event "Titled Tuesday intern op 20th Sep Early"]
[Site "Chess.com INT"]
[Date "2022.09.20"]
[Round "4"]
[White "Bodnar, Nikolay"]
[Black "Nazari, Arad"]
[Result "0-1"]
[WhiteElo "2441"]
[BlackElo "2410"]
[PlyCount "218"]
[EventDate "2022.09.20"]
[EventType "swiss (blitz)"]
[EventRounds "11"]
[EventCountry "USA"]
[SourceTitle "EXT 2023"]
[Source "ChessBase"]
[SourceDate "2022.10.05"]
[SourceVersion "1"]
[SourceVersionDate "2022.10.05"]
[SourceQuality "1"]

1. c4 c5 2. g3 Nc6 3. Bg2 g6 4. Nc3 Bg7 5. Nf3 d6 6. 0-0 Bg4 7. h3 Bxf3 8. Bxf3 Qd7 9. Bg2 e6 10. Rb1 Nge7 11. a3 0-0 12. d3 Rfd8 13. Bd2 d5 14. cxd5 exd5 15. b4 c4 16. Na4 b6 17. b5 Nd4 18. dxc4 Rac8 19. cxd5 Nxb5 20. e4 Nxa3 21. Rc1 Nc4 22. Bc3 b5 23. Bxg7 Kxg7 24. Nc3 b4 25. Na2 Qb5 26. Qb3 a5 27. Rfd1 Kg8 28. Bf1 a4 29. Qxb4 Qxb4 30. Nxb4 Nb2 31. Rxc8 Rxc8 32. Ra1 Rb8 33. d6 Rxb4 34. dxe7 Rxe4 35. Bb5 Rxe7 36. Ra2 Nd1 37. Rxa4 Nc3 38. Ra8+ Kg7 39. Bc4 Rc7 40. Bb3 Ne4 41. Ra4 Nd2 42. Bd5 Rd7 43. Ra5 h5 44. h4 Nb1 45. Rc5 Nd2 46. Kg2 Kf6 47. Rb5 Rd6 48. f3 Nb1 49. Bxf7 Rd2+ 50. Kh3 Nc3 51. Rb7 Ne2 52. g4 Rd3 53. gxh5 Nf4+ 54. Kg4 Nxh5 55. Ba2 Rd4+ 56. Kh3 Nf4+ 57. Kg3 Nh5+ 58. Kh3 Kf5 59. Rb5+ Kf4 60. Bb1 Kxf3 61. Rb3+ Kf2 62. Rb2+ Ke3 63. Rb3+ Kd2 64. Rb2+ Kc1 65. Rb6 Nf4+ 66. Kg4 Nd5+ 67. Kg5 Nxb6 68. Bxg6 Nd5 69. h5 Ne7 70. Kf6 Ng8+ 71. Kg7 Rd8 72. Bf7 Ne7 73. h6 Nf5+ 74. Kg6 Nxh6 75. Kxh6 Kd2 76. Kg7 Ke3 77. Bg8 Rb8 78. Bf7 Kd4 79. Bg8 Ke5 80. Bf7 Rb2 81. Bg8 Rg2+ 82. Kh8 Kf6 83. Bd5 Rg3 84. Bg8 Kg6 85. Bc4 Rh3+ 86. Kg8 Rc3 87. Bf7+ Kf6 88. Ba2 Ra3 89. Bc4 Ra7 90. Kh8 Rc7 91. Bd5 Rc3 92. Ba2 Kg6 93. Bb1+ Kh6 94. Ba2 Rf3 95. Bg8 Rg3 96. Bf7 Kg5 97. Bg8 Kf6 98. Bh7 Ke7 99. Bg8 Rh3+ 100. Bh7 Rf3 101. Bb1 Rf2 102. Bd3 Rh2+ 103. Kg7 Ke6 104. Bc4+ Ke5 105. Bd3 Kd4 106. Bg6 Rg2 107. Kh7 Ke5 108. Bf7 Kf6 109. Bg8 Rh2# 0-1